000 00289nam a2200121 i 4500
001 bg
245 0 _aMetallurgija i metallowedenie cistych metallow :
_bWypusk 9.
260 _aMoskwa,
_c1971.
040 _cBPK
041 _apol
942 _cKS
008 s pl f |000 0 pol
999 _c14936
_d14936
856 _uhttp://koha.tu.koszalin.pl/cgi-bin/koha/opac-detail.pl?biblionumber=14936
_yKatalog online BPK